Comuni della Provincia di Brescia (con mappa) - Statistics

Statistiche generali
  • Questo quiz è stato fatto 84 volte
  • Il punteggio medio è 95 su 205
Risposte nella Mappa
Le risposte nella mappa del quiz sottostante sono codificate secondo una scala di colori dal rosso al verde in base alla % di persone che hanno risposto correttamente.
 
Statistiche sulle risposte
Risposta % Corretto
Brescia
100%
Desenzano del Garda
88%
Iseo
86%
Limone sul Garda
79%
Sirmione
79%
Edolo
74%
Salò
74%
Chiari
71%
Gardone Riviera
71%
Ponte di Legno
71%
Lumezzane
69%
Montichiari
69%
Ospitaletto
69%
Rovato
69%
Idro
67%
Ghedi
64%
Lonato del Garda
64%
Monte Isola
64%
Nave
62%
Orzinuovi
62%
Orzivecchi
62%
Palazzolo sull'Oglio
62%
Rezzato
62%
Roncadelle
62%
Travagliato
62%
Erbusco
60%
Flero
60%
Manerba del Garda
60%
Manerbio
60%
Pisogne
60%
Adro
57%
Bagnolo Mella
57%
Botticino
57%
Castenedolo
57%
Darfo Boario Terme
57%
Leno
57%
Toscolano Maderno
57%
Verolanuova
57%
Bagolino
55%
Castel Mella
55%
Gardone Val Trompia
55%
Gussago
55%
Padenghe sul Garda
55%
Pontevico
55%
Rodengo-Saiano
55%
Bedizzole
52%
Carpenedolo
52%
Castegnato
52%
Gavardo
52%
Moniga del Garda
52%
Paderno Franciacorta
52%
Sarezzo
52%
Verolavecchia
52%
Bovezzo
50%
Breno
50%
Calcinato
50%
Cazzago San Martino
50%
Concesio
50%
Incudine
50%
Marone
50%
Quinzano d'Oglio
50%
Temù
50%
Vezza d'Oglio
50%
Villa Carcina
50%
Azzano Mella
48%
Calvisano
48%
Castrezzato
48%
Dello
48%
Esine
48%
Fiesse
48%
Mazzano
48%
Odolo
48%
Offlaga
48%
Paratico
48%
Pontoglio
48%
Sale Marasino
48%
San Felice del Benaco
48%
Sulzano
48%
Zone
48%
Acquafredda
45%
Alfianello
45%
Anfo
45%
Angolo Terme
45%
Artogne
45%
Borno
45%
Caino
45%
Collio
45%
Cologne
45%
Corte Franca
45%
Gambara
45%
Isorella
45%
Nuvolera
45%
Tremosine sul Garda
45%
Vobarno
45%
Borgosatollo
43%
Cellatica
43%
Collebeato
43%
Gottolengo
43%
Lodrino
43%
Lograto
43%
Malonno
43%
Monno
43%
Monticelli Brusati
43%
Montirone
43%
Nuvolento
43%
Ome
43%
Pavone del Mella
43%
Pian Camuno
43%
Polpenazze del Garda
43%
Pozzolengo
43%
Provaglio d'Iseo
43%
San Paolo
43%
San Zeno Naviglio
43%
Sonico
43%
Torbole Casaglia
43%
Vestone
43%
Villachiara
43%
Agnosine
40%
Bassano Bresciano
40%
Berzo Inferiore
40%
Capo di Ponte
40%
Ceto
40%
Cevo
40%
Coccaglio
40%
Corteno Golgi
40%
Gargnano
40%
Irma
40%
Malegno
40%
Passirano
40%
Pertica Alta
40%
Pertica Bassa
40%
Pompiano
40%
Pralboino
40%
San Gervasio Bresciano
40%
Tavernole sul Mella
40%
Tignale
40%
Urago d'Oglio
40%
Valvestino
40%
Villanuova sul Clisi
40%
Vione
40%
Barbariga
38%
Berlingo
38%
Berzo Demo
38%
Bienno
38%
Borgo San Giacomo
38%
Bovegno
38%
Braone
38%
Brione
38%
Castelcovati
38%
Casto
38%
Cigole
38%
Maclodio
38%
Paisco Loveno
38%
Poncarale
38%
Remedello
38%
Roccafranca
38%
Saviore dell'Adamello
38%
Seniga
38%
Serle
38%
Bione
36%
Calvagese della Riviera
36%
Capovalle
36%
Capriano del Colle
36%
Capriolo
36%
Cividate Camuno
36%
Comezzano-Cizzago
36%
Lavenone
36%
Longhena
36%
Losine
36%
Lozio
36%
Magasa
36%
Mairano
36%
Marcheno
36%
Milzano
36%
Mura
36%
Ono San Pietro
36%
Paspardo
36%
Pezzaze
36%
Polaveno
36%
Prevalle
36%
Puegnago del Garda
36%
Roè Volciano
36%
Rudiano
36%
Sabbio Chiese
36%
Trenzano
36%
Barghe
33%
Cedegolo
33%
Cerveno
33%
Cimbergo
33%
Corzano
33%
Gianico
33%
Niardo
33%
Soiano del Lago
33%
Treviso Bresciano
33%
Visano
33%
Brandico
31%
Marmentino
31%
Muscoline
31%
Paitone
31%
Piancogno
31%
Sellero
31%
Ossimo
29%
Preseglie
29%
Provaglio Val Sabbia
29%
Vallio Terme
26%
Nessun quiz corrispondente trovato
Distribuzione punteggi
Percentuale di utenti per punteggio
Percentile per numero di risposta
I tuoi punteggi nel tempo
Non hai fatto questo quiz